000 00213nam a2200109Ia 4500
100 _a#N/A
942 _cBK
245 _aInformation Technology for Management
260 _b#N/A
546 _aENGLISH
999 _c28973
_d28973